Normal view MARC view
  • falk.a.m

Entry Personal Name

Number of records used in: 1

001 - CONTROL NUMBER

  • control field: 4492

003 - CONTROL NUMBER IDENTIFIER

  • control field: OSt

005 - DATE AND TIME OF LATEST TRANSACTION

  • control field: 20171124115021.0

008 - FIXED-LENGTH DATA ELEMENTS

  • fixed length control field: 171124|| aca||aabn | a|a d

040 ## - CATALOGING SOURCE

  • Original cataloging agency: OSt

100 ## - HEADING--PERSONAL NAME

  • Personal name: falk.a.m

Powered by Koha